| 000 | 00462nam a2200157 i 4500 | ||
|---|---|---|---|
| 001 | 64441 | ||
| 003 | ES-MaACL | ||
| 005 | 20230906165129.0 | ||
| 007 | t| | ||
| 008 | 031224s1963 sp ||||1| spa d | ||
| 100 | 1 |
_aFolliet, Joseph. _951473 |
|
| 245 | 1 | 0 |
_aAtiborre y desatiborre de cráneos _b: propaganda, publicidad / _cJoseph Folliet. |
| 260 |
_aMadrid : _bEditorial Popular, _c[1963] |
||
| 300 |
_a286 p. ; _c17 cm. |
||
| 852 |
_aES-MaACL _jC-24710 _bR.53400 |
||
| 999 |
_c64441 _d64441 |
||